000 00776nam a2200229 a 4500
003 BD-DhJNU
005 20250517034946.0
008 100118r19931990bg a b 001 0 eng d
010 _a 90905426
020 _a9840512102
040 _aBD-DhJNU
_bENG
_cBD-DhJNU
_dBD-DhJNU
082 0 0 _a307.76 SOC
_223
245 0 0 _aSocial formation in Dhaka City :
_ba study in third World urban sociology /
_cKamal Siddiqui ... [et al.].
260 _aDhaka :
_bUniversity Press Limited,
_c1990 [printing 1993].
300 _avi, 456 p. :
_bill. ;
_c22 cm.
504 _aIncludes bibliographical references (pages [444]-450) and index.
526 _aGenEd
651 0 _aDhaka (Bangladesh)
_xSocial conditions.
651 0 _aSocial sciences.
700 1 _aSiddiqui, Kamal.
942 _cBK
999 _c1703
_d1703